Příručka enzymové technologie

Guardado en:
Detalles Bibliográficos
Autor principal: Wiseman, Alan
Otros Autores: Káš, Jan (Traductor), Rychtera, Mojmir (Traductor)
Formato: Libro
Lenguaje:checo
inglés
Publicado: Praha Státní nakladatelství technické literatury 1980
Edición:1. vyd.
Acceso en línea:Ver en el OPAC
Etiquetas: Agregar Etiqueta
Sin Etiquetas, Sea el primero en etiquetar este registro!

MARC

LEADER 00000nam a22000001a 4500
005 20260127134021.0
008 090726s1980 xr 001 0 cze d
035 |a vtls009817280 
035 |a (SVKBBclas03)vtls000288645 
039 9 |a 201808241021  |b mschk03  |y 200907260413  |z VLOAD 
040 |a SVKBB  |b slo  |c SVKBB  |d STUSCHK1  |e AACR2 
041 1 |a cze  |h eng 
100 1 |a Wiseman, Alan 
245 1 0 |a Příručka enzymové technologie  |c Alan Wiseman ... [a kol.] ; z anglického originálu přeložil Jan Káš, Mojmír Rychtera 
250 |a 1. vyd. 
260 |a Praha  |b Státní nakladatelství technické literatury  |c 1980 
300 |a 338 s.  |b lit., reg., tab., obr. 
500 |a Preložené z angličtiny 
504 |a Literatúra na konci príspevkov, obsahuje register 
700 1 |a Káš, Jan  |4 trl 
700 1 |a Rychtera, Mojmir  |4 trl 
910 |a SCHK95 
999 |c 2177  |d 2177